000 00530nam a2200181 a 4500
005 20240919063754.0
008 031027s1979 mx r 000 0 spa d
035 _aUPN01000130439
049 _aCG
050 4 _aHC135
_bA5.2
100 1 _aAngeles, Luis
245 1 0 _aCrisis y coyuntura de la economía mexicana /
_cLuis Angeles.
260 _aMéxico :
_bEl Caballito,
_c1979.
300 _a180, [33] p.
651 4 _aMéxico
_xPolítica económica
_97138
651 4 _aMéxico
_xCondiciones económicas
_95661
905 _aLibro
999 _c102596
_d102596